书目信息 |
| 题名: |
文艺论丛
|
|
| 作者: | 陈振濂 编著 | |
| 分册: | 21 | |
| 出版信息: | 上海 上海文艺出版社 1985.2 |
|
| 页数: | 409页 | |
| 开本: | 20cm | |
| 丛书名: | ||
| 单 册: | ||
| 中图分类: | S206 , I206 | |
| 科图分类: | ||
| 主题词: | 文学--中国 | |
| 电子资源: | ||
| ISBN: | ||
| 000 | 00515nam0 2200193 45 | |
| 001 | 0312221749 | |
| 005 | 20071212161439.03 | |
| 010 | @dCNY1.55 | |
| 100 | @a20031222d1985 km y0chiy0120 ea | |
| 101 | @achi | |
| 200 | 1 | @a文艺论丛@Awen yi lun cong@h21@f陈振濂等编著@FChen Zhen Lian Deng Bian Zhu |
| 210 | @a上海@c上海文艺出版社@d1985.2 | |
| 215 | @a409页@d20cm | |
| 606 | 0 | @a文学@x中国 |
| 690 | @aS206@v3 | |
| 690 | @aI206@v4 | |
| 701 | 0 | @a陈振濂@4编著 |
| 801 | @aCN@bTSTCL@c20071212 | |
| 905 | @a213230@dI206@e37:21 | |
| 文艺论丛.21/陈振濂等编著.-上海:上海文艺出版社,1985.2 |
| 409页;20cm |
| ISBN :CNY1.55 |
| ● |
| 相关链接 |
|
|
|
|
正题名:文艺论丛
索取号:I206/37:21
 
预约/预借
| 序号 | 登录号 | 条形码 | 馆藏地/架位号 | 状态 | 备注 |
| 1 | 0138086 | 202309938 | 密集书库/ [索取号:I206/37:21] | 在馆 |